| 000 | 00378nam a22001457a 4500 | ||
|---|---|---|---|
| 003 | OSt | ||
| 005 | 20260131122440.0 | ||
| 008 | 260131b |||||||| |||| 00| 0 eng d | ||
| 040 | _cIIMT COLLEGE OF POLYTECHNIC, GREATER NOIDA | ||
| 100 | _aGUPTA, LALIT KUMAR | ||
| 245 | _aINTRODUCTION TO IT SYSTEMS | ||
| 260 |
_aMEERUT _bBHARAT BHARTI _c2026 |
||
| 300 | _a248 | ||
| 942 |
_2ddc _c02 |
||
| 999 |
_c66989 _d66989 |
||